Inventaire thématique et syntagmatique du francais fondamental
Na minha lista:
| Autor principal: | |
|---|---|
| Formato: | Livro |
| Idioma: | Undetermined |
| Publicado em: |
Francia
Hachette Larousse
1971
|
| Assuntos: | |
| Tags: |
Adicionar Tag
Sem tags, seja o primeiro a adicionar uma tag!
|
MARC
| LEADER | 00000nam a2200000Ia 4500 | ||
|---|---|---|---|
| 008 | 170316s9999 xx 000 0 und d | ||
| 090 | |a 415-F G-3i | ||
| 100 | |a Galisson, Robert | ||
| 245 | |a Inventaire thématique et syntagmatique du francais fondamental | ||
| 260 | |a Francia | ||
| 260 | |b Hachette Larousse | ||
| 260 | |c 1971 | ||
| 300 | |a 82 páginas | ||
| 650 | |a GRAMÁTICA FRANCESA | ||
| 999 | |c 19192 |d 19192 | ||
| 040 | |a cru BVZT | ||
| 942 | |c 15 D |h 415-F G-3i |2 z | ||
